[Event "NOR-ch U12"]
[Site "Lillehammer"]
[Date "2013.06.29"]
[Round "5"]
[White "Jarve, Edvin"]
[Black "Kawany, Jinwar Amir"]
[Result "1-0"]
[WhiteElo "1443"]
[BlackElo "681"]
[PlyCount "81"]
[EventDate "2013.06.29"]
[EventType "swiss"]
[EventRounds "9"]
[EventCountry "NOR"]
[SourceTitle "EXT 2017"]
[Source "ChessBase"]
[SourceDate "2016.10.25"]
[SourceVersion "1"]
[SourceVersionDate "2016.10.25"]
[SourceQuality "1"]

1. d4 d5 2. c4 c6 3. Nc3 Bf5 4. Bf4 e6 5. e3 g5 6. Bg3 Bh6 7. Qb3 b6 8. Nf3 Ne7 9. Be2 Nd7 10. Rc1 Rc8 11. 0-0 f6 12. cxd5 Nxd5 13. Nxd5 exd5 14. Qa4 b5 15. Qa3 a5 16. Qb3 a4 17. Qb4 g4 18. Nd2 Bf8 19. Bd6 c5 20. dxc5 Bxd6 21. cxd6 h5 22. e4 dxe4 23. Nxe4 0-0 24. Ng3 Be6 25. Nxh5 Rxc1 26. Rxc1 Qb6 27. Bxg4 Bxg4 28. Qxg4+ Kf7 29. Qxd7+ Kg6 30. Qg7+ Kxh5 31. Qxf8 Qd4 32. Qf7+ Kh6 33. d7 Qxb2 34. Rf1 b4 35. d8Q Kg5 36. Qdd5+ Kf4 37. Qc7+ Qe5 38. Qdxe5+ fxe5 39. Re1 b3 40. Qxe5+ Kg4 41. Re4# 1-0